[Event "2019 Spring Server Series, S91015"]
[Site "CCLA"]
[Date "2019.05.22"]
[Round "?"]
[White "Zarges, Ron V."]
[Black "Walsh, Patrick"]
[Result "0-1"]
[WhiteElo "1664"]
[BlackElo "1813"]

1. e4 e5 2. Nf3 Nf6 3. Nxe5 d6 4. Nf3 Nxe4 5. Nc3 Nxc3 6. dxc3 Be7 7. Be3 
O-O 8. Qd2 b6 9. O-O-O Bb7 10. h4 Nd7 11. Nd4 Ne5 12. Nf5 Bf6 13. Bg5 h6 
14. f4 Ng4 15. Re1 Qd7 16. Bxf6 Nxf6 17. Bd3 Rfe8 18. Rhg1 Rxe1+ 19. Rxe1 
Re8 20. Ne3 Qa4 21. Bc4 Rxe3 22. Qxe3 Qxc4 23. b3 Qc6 24. g3 b5 25. Kb2 
Ne4 26. a3 d5 27. g4 Bc8 28. f5 h5 29. gxh5 Bxf5 30. Rg1 Kh7 31. Rf1 Be6 
32. b4 Qc4 33. Ra1 f5 34. Qd3 Nd6 35. Qg3 Qg4 36. Qd3 Nc4+ 37. Ka2 Qe4 38.
 Rg1 f4 39. Rf1 Ne5 0-1

[Event "2019 Spring Server Series, S91015"]
[Site "CCLA"]
[Date "2019.05.22"]
[Round "?"]
[White "Zarges, Ron V."]
[Black "Smith, Jason A."]
[Result "0-1"]
[WhiteElo "1664"]
[BlackElo "1722"]

1. e4 e6 2. d4 d5 3. Nd2 dxe4 4. Nxe4 Bd7 5. Nf3 Bc6 6. Bd3 Nd7 7. O-O 
Ngf6 8. Ng3 Be7 9. Re1 O-O 10. c3 b6 11. Qe2 Bb7 12. Ng5 Bd6 13. Bc2 c5 
14. Qd3 g6 15. N5e4 Nxe4 16. Nxe4 Be7 17. Bf4 cxd4 18. Qxd4 Nf6 19. Nxf6+ 
Bxf6 20. Qxd8 Rfxd8 21. Rad1 Kf8 22. Bd6+ Be7 23. Bxe7+ Kxe7 24. f4 Rxd1 
25. Rxd1 Rd8 26. Kf2 Rxd1 27. Bxd1 f5 28. g3 e5 29. fxe5 Ke6 30. Bf3 Bxf3 
31. Kxf3 Kxe5 32. h4 b5 33. Ke3 h6 34. Kd3 g5 35. hxg5 hxg5 36. b3 f4 37. 
g4 Kd5 38. c4+ bxc4+ 39. bxc4+ Kc5 40. Kc3 a5 41. Kd3 a4 42. Kc3 f3 43. 
Kd3 f2 44. Ke2 Kxc4 45. Kxf2 Kc3 0-1

[Event "Spring Server Series, S91016"]
[Site "CCLA"]
[Date "2019.05.22"]
[Round "?"]
[White "Shannon, Paul D."]
[Black "Dolan, Bruce"]
[Result "0-1"]
[WhiteElo "1770"]
[BlackElo "1697"]

1. d4 d5 2. c4 e5 3. dxe5 d4 4. Nf3 c5 5. e3 Nc6 6. exd4 cxd4 7. Bd3 Nxe5 
8. Qe2 f6 9. Nxe5 Qa5+ 10. Kd1 fxe5 11. Re1 Bd6 12. Qh5+ Kf8 13. Bg5 Be6 
14. Qf3+ Bf7 15. Nd2 Rb8 16. Be4 Ne7 17. Ke2 h6 18. Bh4 Kg8 19. Qd3 g5 20.
 Bg3 h5 21. h4 Bb4 22. Rec1 gxh4 23. Bxh4 Bxd2 24. Bxe7 Bf4 25. Rc2 Rh6 
26. g3 Re6 27. Bh4 Bh6 28. Bd5 Ra6 29. Bxf7+ Kxf7 30. Qf5+ Kg8 31. Qxh5 
d3+ 0-1

[Event "Spring Server Series, S91016"]
[Site "CCLA"]
[Date "2019.05.22"]
[Round "?"]
[White "Shannon, Paul D."]
[Black "Catania, Duane"]
[Result "1-0"]
[WhiteElo "1770"]
[BlackElo "1713"]

1. f4 d5 2. Nf3 Nc6 3. e3 Nf6 4. d4 Bf5 5. Be2 e6 6. O-O Be7 7. c3 O-O 8. 
Qe1 h6 9. b3 a6 10. Ba3 Ne4 11. Bxe7 Nxe7 12. c4 c6 13. Nc3 Qa5 14. Nxd5 
Qd8 15. Nxe7+ Qxe7 16. c5 Rfd8 17. Ne5 Rab8 18. a4 f6 19. Nc4 Bh7 20. Bf3 
g5 21. Rd1 Qg7 22. g3 g4 23. Bg2 h5 24. Rc1 h4 25. Nd2 Nxd2 26. Qxd2 hxg3 
27. hxg3 Kf7 28. e4 f5 29. d5 exd5 30. exd5 cxd5 31. Bxd5+ Kf8 32. Rfd1 
Bg8 33. Qg2 Qe7 34. Kf2 Qf6 35. Bxg8 Kxg8 36. Kf1 Rxd1+ 37. Rxd1 Rd8 38. 
Qe2 Rxd1+ 39. Qxd1 Kf8 40. Qd5 Qa1+ 41. Ke2 Qb2+ 42. Kd3 Qb1+ 43. Kc4 Qf1+
44. Qd3 Qc1+ 45. Qc3 Qf1+ 46. Kb4 Qb1 47. Qe5 Qd3 48. Qd6+ Qxd6 49. cxd6 
Ke8 50. Kc5 1-0

[Event "Spring Server Series, S91016"]
[Site "CCLA"]
[Date "2019.05.22"]
[Round "?"]
[White "Dolan, Bruce"]
[Black "Shannon, Paul D."]
[Result "1/2-1/2"]
[WhiteElo "1697"]
[BlackElo "1770"]

1. e4 e5 2. Nf3 Nf6 3. Nxe5 d6 4. Nf3 Nxe4 5. d3 Nf6 6. d4 d5 7. Bd3 Bd6 
8. O-O O-O 9. Nc3 c6 10. Ne2 Ne4 11. c4 Nd7 12. Bf4 Ndf6 13. cxd5 cxd5 14.
 Bxd6 Qxd6 15. Ne5 Qb6 16. f3 Nd6 17. Qb1 Re8 18. a4 a5 19. Kh1 Be6 20. b3
Rac8 21. Ra2 g6 22. g4 Kg7 23. Rc2 Rxc2 24. Qxc2 Rc8 25. Qb2 Nd7 26. f4 
Nxe5 27. fxe5 Nc4 28. Qa2 Ne3 29. Rf3 Nxg4 30. Qd2 Qd8 31. h3 Nh6 32. Nf4 
Bf5 33. Nh5+ gxh5 34. Bxf5 Nxf5 35. Rxf5 Qh4 36. Kh2 Rc6 37. Rf4 Rc2 38. 
Rxf7+ Kxf7 39. Qxc2 Qxd4 40. Qf5+ Kg8 1/2-1/2

[Event "Spring Server Series, S91016"]
[Site "CCLA"]
[Date "2019.05.22"]
[Round "?"]
[White "Dolan, Bruce"]
[Black "Catania, Duane"]
[Result "0-1"]
[WhiteElo "1697"]
[BlackElo "1713"]

1. e4 e6 2. Nf3 d5 3. Nc3 Nf6 4. e5 Nfd7 5. d4 c5 6. dxc5 Bxc5 7. Na4 Be7 
8. Bd2 Nc6 9. Bf4 a6 10. a3 Qc7 11. Nc3 Ndxe5 12. Nxe5 Nxe5 13. Bd3 Bd6 
14. O-O Nxd3 15. Bxd6 Qxd6 16. Qxd3 Bd7 17. Rfe1 O-O 18. Re3 Bc6 19. Qd4 
Rae8 20. Rae1 f6 21. f4 Qd7 22. a4 Kh8 23. a5 Rf7 24. Ne2 e5 25. fxe5 fxe5
26. Qd3 e4 27. Qd4 Ref8 28. Ng3 Qg4 29. c4 Qf4 30. h3 dxc4 31. Rf1 Qc7 32.
 Qxc4 Rxf1+ 33. Nxf1 Qxa5 34. Ng3 Qa1+ 35. Kh2 Qxb2 36. Qe6 Qf6 37. Qxf6 
Rxf6 38. Nxe4 Bxe4 39. Rxe4 h6 40. Re8+ Kh7 41. Re7 b6 42. Re4 a5 43. Kg3 
b5 44. Rf4 Rxf4 45. Kxf4 a4 0-1

[Event "Spring Server Series, S91016"]
[Site "CCLA"]
[Date "2019.05.22"]
[Round "?"]
[White "Catania, Duane"]
[Black "Shannon, Paul D."]
[Result "0-1"]
[WhiteElo "1713"]
[BlackElo "1770"]

1. e4 e5 2. Nf3 Nf6 3. Nxe5 d6 4. Nf3 Nxe4 5. Bc4 Be7 6. d3 Nf6 7. O-O d5 
8. Bb3 O-O 9. Nc3 Bg4 10. h3 Bxf3 11. Qxf3 c6 12. Bd2 Nbd7 13. d4 Re8 14. 
Rfe1 Nf8 15. Ne2 Ne4 16. Be3 Ng6 17. c4 Nh4 18. Qg4 f5 19. Qf4 Bd6 20. 
cxd5 Bxf4 21. dxc6+ Kh8 22. Nxf4 bxc6 23. Rac1 Qa5 24. Red1 g5 25. Rc5 
Nxc5 0-1

[Event "Spring Server Series, S91016"]
[Site "CCLA"]
[Date "2019.05.22"]
[Round "?"]
[White "Catania, Duane"]
[Black "Dolan, Bruce"]
[Result "1-0"]
[WhiteElo "1713"]
[BlackElo "1697"]

1. e4 e5 2. Nf3 d6 3. Bc4 Nc6 4. d4 Bg4 5. h3 Bh5 6. d5 Na5 7. Be2 b6 8. 
b4 Bxf3 9. gxf3 Nb7 10. Bb5+ Ke7 11. f4 Nf6 12. fxe5 dxe5 13. Bc6 Rb8 14. 
Ba3 Qc8 15. Nd2 Kd8 16. f4 exf4 17. e5 Ne8 18. Qh5 g6 19. Qg5+ Be7 20. 
Qxf4 Qf5 21. Qxf5 gxf5 22. Rg1 Bf8 23. O-O-O Ng7 24. Nf3 Ne8 25. Ng5 Bh6 
26. Kb1 Bxg5 27. Rxg5 Kc8 28. Rdg1 Ned6 29. exd6 cxd6 30. Rg8+ Rxg8 31. 
Rxg8+ Kc7 32. Rxb8 Kxb8 33. Bxb7 Kxb7 34. Kc1 b5 35. Kd2 Kc7 36. Ke3 Kd7 
37. Kf4 Ke8 38. Kxf5 1-0

[Event "Spring Server Series, S91016"]
[Site "CCLA"]
[Date "2019.05.22"]
[Round "?"]
[White "Catania, Duane"]
[Black "Delgado, Emilio Salvador"]
[Result "1-0"]
[WhiteElo "1713"]
[BlackElo "1564"]

1. e4 e6 2. d4 d5 3. e5 b6 4. Nf3 Ne7 5. Bd3 Ba6 6. O-O Bxd3 7. Qxd3 Nf5 
8. c4 dxc4 9. Qxc4 Qd5 10. Qxc7 Qc6 11. Qxc6+ Nxc6 12. Be3 {Black forfeited} 1-0

[Event "Spring Server Series, S91016"]
[Site "CCLA"]
[Date "2019.05.22"]
[Round "?"]
[White "Delgado, Emilio Salvador"]
[Black "Dolan, Bruce"]
[Result "0-1"]
[WhiteElo "1564"]
[BlackElo "1697"]

1. e4 e5 2. Nf3 Nc6 3. d4 exd4 4. Nxd4 Bc5 5. Nxc6 Qf6 6. Qf3 Qxc6 7. Nc3 
Nf6 8. Bb5 Qe6 9. Bg5 c6 10. Ba4 Bd4 11. Bb3 Bxc3+ {White forfeited} 0-1

[Event "Spring Server Series, S91016"]
[Site "CCLA"]
[Date "2019.05.22"]
[Round "?"]
[White "Delgado, Emilio Salvador"]
[Black "Catania, Duane"]
[Result "0-1"]
[WhiteElo "1564"]
[BlackElo "1713"]

1. e4 e6 2. d4 d5 3. e5 c5 4. c3 Nc6 5. Nf3 Qb6 6. Bd3 Bd7 7. O-O cxd4 8. 
cxd4 Nxd4 9. Nbd2 Nc6 10. Nb3 g6 11. Be3 Qd8 {White forfeited} 0-1

[Event "Spring Server Series, S91017"]
[Site "CCLA"]
[Date "2019.05.22"]
[Round "?"]
[White "Greco, Tom"]
[Black "Regan, David"]
[Result "0-1"]
[WhiteElo "1575"]
[BlackElo "1638"]

1. d4 g6 2. c4 Nf6 3. Nc3 Bg7 4. e4 d6 5. f4 O-O 6. Nf3 c5 7. Be2 cxd4 8. 
Nxd4 Nc6 9. Be3 Bg4 10. Bxg4 Nxg4 11. Qxg4 Nxd4 12. Qd1 Nc6 13. Rc1 Qa5 
14. a3 f5 15. Qd5+ Qxd5 16. exd5 Nd4 17. O-O Rfc8 18. Nd1 Ne2+ 19. Kh1 
Nxc1 20. Bxc1 Rxc4 21. Ne3 Re4 22. b4 Rc8 23. Bd2 Bb2 24. a4 h5 25. g3 Bd4
26. Rf3 Bxe3 0-1

[Event "Spring Server Series, S91017"]
[Site "CCLA"]
[Date "2019.05.22"]
[Round "?"]
[White "Greco, Tom"]
[Black "McLaughlin, Ed"]
[Result "0-1"]
[WhiteElo "1575"]
[BlackElo "1660"]

1. d4 d5 2. c4 e6 3. Nc3 c6 4. Nf3 Bd6 5. e4 Nd7 6. e5 Bb4 7. cxd5 cxd5 8.
 Bd3 f6 9. O-O Ne7 10. a3 Ba5 11. b4 Bc7 12. Re1 O-O 13. Qc2 g6 14. Ne2 
fxe5 15. dxe5 Nxe5 16. Nxe5 Bxe5 17. Bb2 Nc6 18. Bxe5 Nxe5 19. Nd4 Qf6 20.
 Bb5 a6 21. Ba4 Nc4 22. Nf3 e5 23. Rf1 Bf5 24. Qc1 Bd3 25. Re1 e4 26. Qd1 
Nb2 27. Qb3 Nxa4 28. Qxa4 exf3 29. Qd7 Be4 30. Qxb7 Qg5 0-1

[Event "Spring Server Series, S91017"]
[Site "CCLA"]
[Date "2019.05.22"]
[Round "?"]
[White "Greco, Tom"]
[Black "Taylor, Ronald D."]
[Result "1-0"]
[WhiteElo "1575"]
[BlackElo "1386"]

1. d4 d5 2. c4 e5 3. dxe5 d4 4. Nf3 Nc6 5. g3 Bb4+ 6. Bd2 Bxd2+ 7. Nbxd2 
Bf5 8. Bg2 Nge7 9. O-O O-O 10. Nb3 Ng6 11. Nfxd4 Nxd4 12. Nxd4 Bc8 13. f4 
c5 14. Nb5 a6 15. Qxd8 Rxd8 16. Nd6 Rb8 17. Rad1 1-0

[Event "Spring Server Series, S91017"]
[Site "CCLA"]
[Date "2019.05.22"]
[Round "?"]
[White "Regan, David"]
[Black "Greco, Tom"]
[Result "1-0"]
[WhiteElo "1638"]
[BlackElo "1575"]

1. d4 Nf6 2. c4 e6 3. Nc3 Bb4 4. e3 O-O 5. Ne2 d5 6. a3 Be7 7. cxd5 exd5 
8. Nf4 c6 9. Bd3 Re8 10. O-O Nbd7 11. f3 Nf8 12. Bc2 Ne6 13. e4 dxe4 14. 
Nxe6 Bxe6 15. fxe4 Bg4 16. Qd3 Bh5 17. e5 Bg6 18. Qd2 Bxc2 19. exf6 Bxf6 
20. Qxc2 Qxd4+ 21. Kh1 Qc4 22. Qf2 Re7 23. Bd2 a5 24. Qf4 Qxf4 25. Bxf4 b5
26. Rfe1 Rae8 27. Rxe7 Rxe7 28. Rd1 Re6 29. Kg1 g5 30. Bc1 h5 31. Kf1 g4 
32. Re1 Bd4 33. Rxe6 fxe6 34. Ke2 e5 35. Be3 Kf7 36. Bxd4 exd4 37. Ne4 Ke6
38. Kd3 Ke5 39. b4 axb4 40. axb4 h4 41. Nc5 h3 42. g3 Kd5 43. Nb3 Ke5 44. 
Nxd4 Kd5 45. Nxc6 Kxc6 46. Ke4 Kd6 47. Kd4 Ke6 48. Ke4 Kd6 49. Kd4 Kc6 50.
 Ke5 1-0

[Event "Spring Server Series, S91017"]
[Site "CCLA"]
[Date "2019.05.22"]
[Round "?"]
[White "Regan, David"]
[Black "McLaughlin, Ed"]
[Result "1/2-1/2"]
[WhiteElo "1638"]
[BlackElo "1660"]

1. d4 d5 2. c4 e6 3. Nc3 c6 4. e3 Bd6 5. Nf3 Nf6 6. b3 Qa5 7. Bd2 Bb4 8. 
Qc2 O-O 9. a3 Nbd7 10. Bd3 dxc4 11. bxc4 Rd8 12. O-O Bxc3 13. Bxc3 Qc7 14.
 e4 Nf8 15. e5 Ne8 16. Ng5 f5 17. f4 h6 18. Nf3 Nh7 19. Rad1 b6 20. d5 
cxd5 21. cxd5 Qc5+ 22. Kh1 Rxd5 23. Bb4 Qxc2 24. Bxc2 Rxd1 25. Rxd1 a5 26.
 Bd6 Bb7 27. Bb3 Bc8 28. Ba4 Kf7 29. Rb1 Bb7 30. Rxb6 Bxf3 31. gxf3 Nxd6 
32. Rxd6 Nf8 33. Kg2 Ke7 34. Bb5 Ra7 1/2-1/2

[Event "Spring Server Series, S91017"]
[Site "CCLA"]
[Date "2019.05.22"]
[Round "?"]
[White "Regan, David"]
[Black "Taylor, Ronald D."]
[Result "1-0"]
[WhiteElo "1638"]
[BlackElo "1386"]

1. d4 d5 2. c4 e5 3. dxe5 d4 4. Nf3 Nc6 5. Nbd2 f6 6. exf6 Nxf6 7. a3 Bf5 
8. b4 Be7 9. Nb3 O-O 10. b5 Nb8 11. Bb2 c5 12. bxc6 Nxc6 13. Nbxd4 Nxd4 
14. Nxd4 Bd7 15. e3 Ne4 16. Nf3 1-0

[Event "Spring Server Series, S91017"]
[Site "CCLA"]
[Date "2019.05.22"]
[Round "?"]
[White "McLaughlin, Ed"]
[Black "Greco, Tom"]
[Result "1-0"]
[WhiteElo "1660"]
[BlackElo "1575"]

1. d4 Nf6 2. e3 g6 3. Nd2 Bg7 4. Ngf3 O-O 5. c3 d6 6. Bd3 Nbd7 7. O-O e5 
8. dxe5 Nxe5 9. Nxe5 dxe5 10. Ne4 b6 11. Nxf6+ Qxf6 12. Be4 Ba6 13. Bxa8 
Bxf1 14. Qxf1 Rxa8 15. e4 Rd8 16. Be3 Qc6 17. f3 a5 18. Rd1 Rd6 19. h3 Qd7
20. Rxd6 Qxd6 21. a3 f5 22. Qb1 f4 23. Bf2 Bf6 24. Qc2 g5 25. b4 h5 26. 
Qb3+ Kg7 27. Qd5 Qxd5 28. exd5 Be7 29. bxa5 bxa5 30. a4 h4 31. Kf1 Bd6 32.
 Ke2 Kf6 33. Kd3 Kf5 34. c4 Be7 35. Be1 1-0

[Event "Spring Server Series, S91017"]
[Site "CCLA"]
[Date "2019.05.22"]
[Round "?"]
[White "McLaughlin, Ed"]
[Black "Regan, David"]
[Result "0-1"]
[WhiteElo "1660"]
[BlackElo "1638"]

1. d4 Nf6 2. e3 g6 3. b3 Bg7 4. Bb2 O-O 5. Nf3 d6 6. Nbd2 Nbd7 7. Bc4 e5 
8. dxe5 Ng4 9. O-O Ngxe5 10. Nxe5 Nxe5 11. Qc1 Nxc4 12. Nxc4 Be6 13. Nd2 
Re8 14. Bxg7 Kxg7 15. Qb2+ Qf6 16. Qd4 Qxd4 17. exd4 Re7 18. Nf3 Rae8 19. 
h3 Bf5 20. c4 Re2 21. Rfe1 Rxe1+ 22. Rxe1 Rxe1+ 23. Nxe1 Bb1 24. Nf3 Bxa2 
25. Nd2 c6 26. Kf1 b5 27. cxb5 cxb5 28. Ke2 a5 29. Kd3 a4 30. Kc3 Bxb3 31.
 Nxb3 axb3 32. Kxb3 Kf6 33. Kb4 Ke6 34. Kxb5 Kd5 35. Kb4 Kxd4 36. Kb3 Kd3 
37. Kb2 Kd2 0-1

[Event "Spring Server Series, S91017"]
[Site "CCLA"]
[Date "2019.05.22"]
[Round "?"]
[White "McLaughlin, Ed"]
[Black "Taylor, Ronald D."]
[Result "1-0"]
[WhiteElo "1660"]
[BlackElo "1386"]

1. d4 d5 2. e3 c5 3. c3 e6 4. Bd3 Nc6 5. Nf3 cxd4 6. exd4 Nf6 7. O-O Bd6 
8. Re1 O-O 9. Bg5 Be7 10. Qc2 h6 11. Bf4 b6 12. Nbd2 Bd6 13. Ne5 Bb7 14. 
Ndf3 Qc7 15. Qd2 Rfe8 16. g4 Nxg4 17. h3 Ngxe5 18. Nxe5 f6 19. Ng6 Bxf4 
20. Nxf4 Rad8 21. Nxe6 1-0

[Event "Spring Server Series, S91017"]
[Site "CCLA"]
[Date "2019.05.22"]
[Round "?"]
[White "Taylor, Ronald D."]
[Black "Greco, Tom"]
[Result "0-1"]
[WhiteElo "1386"]
[BlackElo "1575"]

1. e4 e5 2. Bc4 Nf6 3. d4 exd4 4. e5 d5 5. exd6 Bxd6 6. Ne2 c5 7. Bg5 Be6 
8. Bb5+ Nbd7 9. O-O Qb6 10. Bxd7+ Nxd7 11. b3 Be5 12. f4 h6 13. Bh4 Bf6 
14. Bg3 O-O 15. Nc1 d3 16. c3 c4+ 0-1

[Event "Spring Server Series, S91017"]
[Site "CCLA"]
[Date "2019.05.22"]
[Round "?"]
[White "Taylor, Ronald D."]
[Black "Regan, David"]
[Result "0-1"]
[WhiteElo "1386"]
[BlackElo "1638"]

1. e4 d6 2. g3 Nf6 3. Ne2 Nxe4 4. Bg2 Nf6 5. Nbc3 e5 6. O-O Nc6 7. d4 Nxd4
8. Nxd4 exd4 9. Qxd4 Be7 10. Bf4 O-O 11. Rfe1 Re8 12. Re2 c6 13. Rae1 Be6 
14. Ne4 Qd7 15. a3 Nxe4 16. Bxe4 d5 17. Bg2 Bf6 18. Qb4 h6 19. c3 b5 20. 
Bd6 a5 21. Qc5 Bg4 22. Rxe8+ Rxe8 23. Rxe8+ Qxe8 0-1

[Event "Spring Server Series, S91017"]
[Site "CCLA"]
[Date "2019.05.22"]
[Round "?"]
[White "Taylor, Ronald D."]
[Black "McLaughlin, Ed"]
[Result "0-1"]
[WhiteElo "1386"]
[BlackElo "1660"]

1. e4 c5 2. c3 a6 3. d4 e6 4. Nf3 b5 5. Be3 d6 6. Bd3 Nf6 7. O-O Bb7 8. 
Qc2 Nbd7 9. Nbd2 Qc7 10. dxc5 Nxc5 11. Bxc5 Qxc5 12. Rad1 Be7 13. Nb3 Qh5 
14. Rd2 O-O 15. h3 Rac8 16. Rfd1 g6 17. Re1 e5 18. a3 Rc7 19. Rde2 Bc8 20.
 Nbd2 Be6 21. Re3 Rfc8 22. Be2 Qh6 23. Nh2 Kh8 24. Bf1 Nh5 25. Kh1 f5 26. 
exf5 Bxf5 0-1

[Event "Spring Server Series, S91018"]
[Site "CCLA"]
[Date "2019.05.22"]
[Round "?"]
[White "Nurmi, Ronald"]
[Black "Ritzmann, Andrew M."]
[Result "1-0"]
[WhiteElo "1509"]
[BlackElo "1328"]

1. d4 d5 2. Bf4 Nf6 3. e3 e6 4. Nf3 c5 5. c3 Nc6 6. Nbd2 Bd6 7. Bg3 O-O 8.
 Bb5 a6 9. Bxc6 bxc6 10. Qa4 Qb6 11. Bxd6 Qxb2 12. Rb1 Qxc3 13. Bxf8 Kxf8 
14. Qxc6 cxd4 15. Nxd4 Qxc6 16. Nxc6 Nd7 17. O-O g6 18. Rfc1 Kg7 19. Nf3 
f5 20. Ne7 1-0

[Event "Spring Server Series, S91018"]
[Site "CCLA"]
[Date "2019.05.22"]
[Round "?"]
[White "Nurmi, Ronald"]
[Black "Selby, Robin"]
[Result "1-0"]
[WhiteElo "1509"]
[BlackElo "1209"]

1. d4 d5 2. Bf4 Nc6 3. Nf3 e6 4. e3 Nf6 5. Nbd2 Be7 6. c3 O-O 7. Bd3 h6 8.
 h3 a6 9. O-O Bd6 10. Ne5 Bxe5 11. dxe5 Nh7 12. Nf3 g5 13. Bh2 f5 14. Rc1 
g4 15. hxg4 fxg4 16. Nd4 Nxd4 17. Qxg4+ Qg5 18. Qxd4 Bd7 19. Rc2 b6 20. 
Bf4 Qg7 21. Be2 Rf5 22. Bg3 Raf8 23. e4 Rg5 24. exd5 Kh8 25. dxe6 Bxe6 26.
 a3 Rg8 27. Qe4 Bf5 28. Qf3 Bxc2 29. Bxa6 Rf5 30. Qe2 Ng5 31. Qxc2 Rff8 
32. Bc4 h5 33. Bxg8 Rxg8 34. Qf5 h4 35. Bxh4 Nh7 36. Qe4 Qh6 37. g3 Ng5 
38. Bxg5 Rxg5 39. Kg2 Qe6 40. Qh4+ Kg7 41. Qxg5+ Qg6 42. Qxg6+ Kxg6 43. f4
Kf5 44. Rd1 c5 45. b4 cxb4 46. axb4 Ke6 47. c4 Kf5 48. c5 bxc5 49. bxc5 
Ke6 50. c6 1-0

[Event "Spring Server Series, S91018"]
[Site "CCLA"]
[Date "2019.05.22"]
[Round "?"]
[White "Nurmi, Ronald"]
[Black "Grandi, Cody"]
[Result "1-0"]
[WhiteElo "1509"]
[BlackElo "1190"]

1. d4 d5 2. Bf4 e6 3. e3 c5 4. c3 c4 5. Nd2 b5 6. e4 Bb7 7. e5 Ne7 8. Ngf3
h6 9. Be2 g5 10. Be3 Nf5 11. Nf1 Nc6 12. Bc1 a5 13. Ne3 Nxe3 14. Bxe3 g4 
15. Nd2 h5 16. f4 gxf3 17. Bxf3 Bh6 18. Bxh6 Rxh6 19. O-O a4 20. a3 Qg5 
21. Rf2 O-O-O 22. Nf1 h4 23. Qd2 Rg8 24. Qxg5 Rxg5 25. Re1 f5 26. exf6 
Rxf6 27. h3 Kc7 28. Bg4 Rxf2 29. Kxf2 e5 30. Nh2 Bc8 31. Nf3 Rg8 32. Bxc8 
Rxc8 33. Nxe5 Nxe5 34. Rxe5 Rf8+ 35. Ke2 b4 36. Rxd5 Kc6 37. Rc5+ Kd6 38. 
axb4 Re8+ 39. Re5 1-0

[Event "Spring Server Series, S91018"]
[Site "CCLA"]
[Date "2019.05.22"]
[Round "?"]
[White "Ritzmann, Andrew M."]
[Black "Nurmi, Ronald"]
[Result "0-1"]
[WhiteElo "1328"]
[BlackElo "1509"]

1. d4 d5 2. c4 c6 3. Nf3 dxc4 4. Nc3 b5 5. a4 a6 6. axb5 cxb5 7. Nxb5 Bb7 
8. Nc3 Nf6 9. Qa4+ Nbd7 10. Qxc4 e6 11. Bg5 Be7 12. e3 Bxf3 13. gxf3 a5 
14. Qb5 Qb6 15. Qxb6 Nxb6 16. Nb5 O-O 17. Bd3 h6 18. Bxf6 Bxf6 19. Nc7 Ra7
20. Rc1 Rc8 21. O-O Raxc7 22. Ra1 a4 23. Rab1 Be7 24. e4 Bg5 25. e5 Rc1 
26. Rbxc1 Rxc1 27. Rxc1 Bxc1 28. f4 Bxb2 0-1

[Event "Spring Server Series, S91018"]
[Site "CCLA"]
[Date "2019.05.22"]
[Round "?"]
[White "Ritzmann, Andrew M."]
[Black "Selby, Robin"]
[Result "1-0"]
[WhiteElo "1328"]
[BlackElo "1209"]

1. d4 d5 2. c4 Nf6 3. cxd5 Nxd5 4. e4 Nb6 5. Nf3 Bg4 6. Be2 g6 7. Nc3 Bg7 
8. Be3 O-O 9. O-O e5 10. d5 N6d7 11. h3 Bxf3 12. Bxf3 Nf6 13. Bg5 c5 14. 
Bxf6 Qxf6 15. d6 Nd7 16. Nb5 a6 17. Nc7 Rac8 18. Nd5 Qxd6 19. Bg4 Rcd8 20.
 Bxd7 Rxd7 21. Qd2 Qe6 22. Rad1 b6 23. Qd3 Rc8 24. Qxa6 Rcd8 25. Qc4 Qc6 
26. Rd2 b5 27. Qd3 c4 28. Ne7+ Kh8 29. Nxc6 Rxd3 30. Nxd8 Rxd2 31. Nxf7+ 
Kg8 32. Ng5 h6 33. Ne6 Bf6 34. Rb1 Kf7 35. Nc5 Be7 36. Nb7 Bh4 37. g3 Be7 
38. Kg2 h5 39. a3 Rd7 40. Na5 h4 41. Nc6 Bc5 42. Nxe5+ Ke6 43. Nxd7 Kxd7 
44. Rd1+ Ke6 45. Rd5 Ba7 46. Rxb5 Kf6 47. Rb4 hxg3 48. fxg3 c3 49. bxc3 
Bc5 50. Ra4 g5 51. Ra6+ Ke5 52. Ra5 Kd6 53. e5+ Kd5 54. e6 1-0

[Event "Spring Server Series, S91018"]
[Site "CCLA"]
[Date "2019.05.22"]
[Round "?"]
[White "Ritzmann, Andrew M."]
[Black "Grandi, Cody"]
[Result "0-1"]
[WhiteElo "1328"]
[BlackElo "1190"]

1. d4 d5 2. c4 e5 3. dxe5 dxc4 4. Qxd8+ Kxd8 5. Nc3 Nc6 6. Bf4 Be6 7. Nf3 
Bb4 8. e4 h6 9. Rd1+ Ke8 10. Be2 Nge7 11. O-O g5 12. Nb5 Ba5 13. Bd2 a6 
14. Bxa5 axb5 15. Bxc7 Rxa2 16. Rd2 g4 17. Nd4 Nxd4 18. Rxd4 Nc6 19. Rd2 
c3 20. Rdd1 cxb2 21. Bxb5 Kf8 22. Bxc6 bxc6 23. Rd8+ Kg7 24. Rxh8 Kxh8 0-1

[Event "Spring Server Series, S91018"]
[Site "CCLA"]
[Date "2019.05.22"]
[Round "?"]
[White "Selby, Robin"]
[Black "Nurmi, Ronald"]
[Result "0-1"]
[WhiteElo "1209"]
[BlackElo "1509"]

1. e4 d5 2. Nc3 d4 3. Nb5 a6 4. Na3 e5 5. c3 Nf6 6. Bc4 Bxa3 7. bxa3 dxc3 
8. dxc3 Qxd1+ 9. Kxd1 Nxe4 10. Nf3 Nxf2+ 11. Kc2 Bf5+ 12. Kd2 Nd7 13. Re1 
Ne4+ 14. Kd3 Nd6+ 15. Ke2 Nxc4 16. Kf2 O-O-O 17. Bg5 f6 18. Bc1 Nc5 19. 
Rb1 Bxb1 20. g4 Nd3+ 21. Ke2 Nxe1 22. Nxe1 Rd5 23. Nf3 Rhd8 24. h3 Rd3 25.
 a4 Rxc3 26. h4 Rxc1 27. Nd2 Rxd2+ 28. Kf3 Rc3# 0-1

[Event "Spring Server Series, S91018"]
[Site "CCLA"]
[Date "2019.05.22"]
[Round "?"]
[White "Selby, Robin"]
[Black "Ritzmann, Andrew M."]
[Result "0-1"]
[WhiteElo "1209"]
[BlackElo "1328"]

1. e4 c6 2. d4 d5 3. Nc3 dxe4 4. Nxe4 Bf5 5. Nc5 b6 6. Nb3 e6 7. Nf3 Bd6 
8. Be2 Nf6 9. O-O Nbd7 10. Be3 O-O 11. g3 Ng4 12. Bg5 f6 13. Bc1 Qe8 14. 
h3 Nh6 15. g4 Be4 16. Nbd2 Qg6 17. Nh4 Nxg4 18. Nxg6 Bh2# 0-1

[Event "Spring Server Series, S91018"]
[Site "CCLA"]
[Date "2019.05.22"]
[Round "?"]
[White "Selby, Robin"]
[Black "Grandi, Cody"]
[Result "0-1"]
[WhiteElo "1209"]
[BlackElo "1190"]

1. d4 d5 2. Nf3 Nc6 3. Nc3 e6 4. e4 Bb4 5. Bd2 dxe4 6. Ng5 Qf6 7. Ngxe4 
Qxd4 8. Bd3 f5 9. Ng3 Qe5+ 10. Qe2 Qxe2+ 11. Bxe2 Nd4 12. O-O Nxc2 13. 
Rac1 Nd4 14. Rfe1 Ne7 15. Bh5+ g6 16. Bd1 Bd7 17. a3 Bd6 18. b4 h5 19. Bg5
h4 20. Nge2 Nxe2+ 21. Rxe2 O-O-O 22. h3 Rh5 23. Bf4 Bxf4 24. Rb1 Rg5 25. 
Bb3 e5 26. b5 e4 27. a4 b6 28. Rd1 Bd6 29. Rdd2 Bb4 30. Rc2 Be8 31. Na2 
Rd1+ 32. Kh2 Bd6+ 33. g3 hxg3+ 34. Kg2 gxf2+ 0-1

[Event "Spring Server Series, S91018"]
[Site "CCLA"]
[Date "2019.05.22"]
[Round "?"]
[White "Grandi, Cody"]
[Black "Nurmi, Ronald"]
[Result "0-1"]
[WhiteElo "1190"]
[BlackElo "1509"]

1. c4 e5 2. Nc3 Nf6 3. g3 Bb4 4. Bg2 O-O 5. e4 Bxc3 6. bxc3 c6 7. d3 d5 8.
 cxd5 cxd5 9. exd5 Nxd5 10. Ba3 Re8 11. Ne2 Bg4 12. Qb3 e4 13. Bxe4 Be6 
14. Qxb7 Nd7 15. Bxd5 Rb8 16. Qxb8 Nxb8 17. Bxe6 Rxe6 18. d4 Qd5 19. Kd2 
Nc6 20. Nf4 Qa5 21. Nxe6 Qxa3 22. Nxg7 Qb2+ 23. Kd3 Kxg7 24. Rhf1 Qb5+ 25.
 c4 Qf5+ 26. Kc3 Qf3+ 27. Kb2 Nxd4 28. c5 Qe2+ 29. Kc3 Nb5+ 30. Kb4 a6 31.
 a4 Qd2+ 32. Kc4 Qd4+ 33. Kb3 Qc3+ 34. Ka2 Qc2# 0-1

[Event "Spring Server Series, S91018"]
[Site "CCLA"]
[Date "2019.05.22"]
[Round "?"]
[White "Grandi, Cody"]
[Black "Ritzmann, Andrew M."]
[Result "1/2-1/2"]
[WhiteElo "1190"]
[BlackElo "1328"]

1. e4 c6 2. d4 d5 3. Nc3 dxe4 4. Nxe4 Bf5 5. Ng3 Bg6 6. Bd3 Bxd3 7. Qxd3 
Nf6 8. b4 e6 9. a3 Bd6 10. c3 O-O 11. Bg5 Nbd7 12. N1e2 h6 13. Ne4 hxg5 
14. Nxg5 g6 15. h3 Kg7 16. O-O Qc7 17. c4 Bh2+ 18. Kh1 Rh8 19. g3 Ng4 20. 
Nf4 Bxg3 21. fxg3 Nf8 22. Rae1 Nf6 23. Rxe6 fxe6 24. Nfxe6+ Nxe6 25. Nxe6+
Kf7 26. Nxc7 Rac8 27. Ne6 Kxe6 28. Qxg6 Rcf8 29. Qg7 Rxh3+ 30. Kg2 Rh7 31.
 Qxf8 Rf7 32. Qc8+ Kd6 33. Rf5 b6 34. Qd8+ 1/2-1/2